Most Populous Countries by Driving Orientation - Statistics

General Stats
  • This quiz has been taken 59 times
  • The average score is 30 of 40
Answer Stats
Population Answer % Correct
Left-Side 67,886,011 United Kingdom
100%
Right-Side 212,559,417 Brazil
98%
Right-Side 1,439,323,776 China
98%
Left-Side 1,380,004,385 India
98%
Right-Side 145,934,462 Russia
98%
Right-Side 331,002,651 United States
98%
Right-Side 65,273,511 France
96%
Left-Side 126,476,461 Japan
96%
Right-Side 83,783,942 Germany
92%
Right-Side 128,932,753 Mexico
92%
Left-Side 220,892,340 Pakistan
92%
Left-Side 164,689,383 Bangladesh
90%
Right-Side 206,139,589 Nigeria
90%
Left-Side 69,799,978 Thailand
90%
Right-Side 102,334,404 Egypt
88%
Left-Side 273,523,615 Indonesia
88%
Left-Side 59,308,690 South Africa
88%
Right-Side 46,754,778 Spain
85%
Right-Side 60,461,826 Italy
83%
Right-Side 97,338,579 Vietnam
83%
Right-Side 89,561,403 D.R. Congo
81%
Left-Side 25,499,884 Australia
79%
Right-Side 114,963,588 Ethiopia
79%
Right-Side 83,992,949 Iran
79%
Right-Side 51,269,185 South Korea
77%
Right-Side 84,339,067 Turkey
77%
Left-Side 53,771,296 Kenya
75%
Right-Side 109,581,078 Philippines
75%
Left-Side 59,734,218 Tanzania
73%
Right-Side 50,882,891 Colombia
71%
Left-Side 32,365,999 Malaysia
54%
Right-Side 54,409,800 Myanmar
50%
Left-Side 45,741,007 Uganda
50%
Left-Side 31,255,435 Mozambique
48%
Left-Side 21,413,249 Sri Lanka
44%
Left-Side 18,383,955 Zambia
44%
Left-Side 29,136,808 Nepal
42%
Left-Side 14,862,924 Zimbabwe
40%
Left-Side 19,129,952 Malawi
31%
Left-Side 12,952,218 Rwanda
27%
No matching quizzes found
Score Distribution
Percent of People with Each Score
Percentile by Number Answered
Your Score History
You have not taken this quiz